000
00305cam a22001217a 4500
008
180718b1965 xxu||||| |||| 00| 0 eng d
082
_a
B253 Sa77
100
_a
Sartori, G.
245
_a
Democratic theory
_c
by G. Sartori
260
_a
Calcutta
_b
Oxford & IBH
_c
1965
300
_a
479p.
650
_a
Democracy
999
_c
353594
_d
353594